[Event "Gold Coast op"]
[Site "Gold Coast"]
[Date "2022.06.27"]
[Round "9"]
[White "Kethro, Michael"]
[Black "Liu, Yi"]
[Result "1/2-1/2"]
[WhiteElo "2124"]
[BlackElo "2267"]
[PlyCount "44"]
[EventDate "2022.06.23"]
[EventType "swiss"]
[EventRounds "9"]
[EventCountry "AUS"]
[SourceTitle "CBM 209 Extra"]
[Source "ChessBase"]
[SourceDate "2022.09.30"]
[SourceVersion "1"]
[SourceVersionDate "2022.09.30"]
[SourceQuality "1"]

1. d4 d5 2. c4 e6 3. Nf3 Nf6 4. g3 dxc4 5. Bg2 c6 6. 0-0 b5 7. a4 Bb7 8. Ne5 a6 9. b3 cxb3 10. Bb2 Nbd7 11. Nd2 Nxe5 12. dxe5 Nd5 13. Qxb3 Qb6 14. Ne4 Be7 15. Nd6+ Bxd6 16. exd6 0-0 17. e4 Nf6 18. Bxf6 gxf6 19. Qc3 Kg7 20. e5 f5 21. a5 Qa7 22. Rfc1 Rfc8 1/2-1/2

[Event "Gold Coast op"]
[Site "Gold Coast"]
[Date "2022.06.26"]
[Round "6"]
[White "Cheng, Bobby Sky"]
[Black "Kethro, Michael"]
[Result "1-0"]
[WhiteElo "2546"]
[BlackElo "2124"]
[PlyCount "103"]
[EventDate "2022.06.23"]
[EventType "swiss"]
[EventRounds "9"]
[EventCountry "AUS"]
[SourceTitle "CBM 209 Extra"]
[Source "ChessBase"]
[SourceDate "2022.09.30"]
[SourceVersion "1"]
[SourceVersionDate "2022.09.30"]
[SourceQuality "1"]

1. Nf3 d5 2. g3 Nf6 3. Bg2 c6 4. 0-0 Bg4 5. h3 Bxf3 6. Bxf3 e5 7. d3 Bc5 8. Nd2 0-0 9. e4 Re8 10. Qe2 a5 11. a4 Nbd7 12. Bg2 Qc7 13. Nf3 Bf8 14. Re1 Rab8 15. Nh4 dxe4 16. dxe4 b5 17. Nf5 Nc5 18. axb5 cxb5 19. Bg5 Nfd7 20. Bd2 a4 21. h4 Ne6 22. c3 Nec5 23. Rad1 Nb3 24. Be3 Na5 25. Nh6+ gxh6 26. Qg4+ Kh8 27. Rxd7 Qc4 28. Qh5 Qe6 29. Rxf7 Nc4 30. Bc1 Qg6 31. Qf3 Be7 32. Qf5 Qxf5 33. Rxf5 b4 34. cxb4 Bxb4 35. Re2 Ba5 36. Kh2 Bb6 37. Rc2 Rec8 38. Rf6 Bd4 39. Bh3 Rc5 40. Ra6 Nxb2 41. Rxc5 Bxc5 42. Bxh6 Bxf2 43. Bg5 Bd4 44. Be6 Rf8 45. g4 h5 46. gxh5 Bc5 47. Bf5 a3 48. h6 Nd1 49. Bf6+ Rxf6 50. Rxf6 a2 51. Ra6 Nc3 52. Ra8+ 1-0

[Event "Doeberl Cup 59th"]
[Site "Canberra"]
[Date "2022.04.15"]
[Round "4"]
[White "Kethro, Michael"]
[Black "Kuybokarov, Temur"]
[Result "0-1"]
[WhiteElo "2122"]
[BlackElo "2587"]
[PlyCount "48"]
[EventDate "2022.04.14"]
[EventType "swiss"]
[EventRounds "9"]
[EventCountry "AUS"]
[SourceTitle "CBM 207 Extra"]
[Source "ChessBase"]
[SourceDate "2022.05.31"]
[SourceVersion "1"]
[SourceVersionDate "2022.05.31"]
[SourceQuality "1"]

1. d4 Nf6 2. c4 g6 3. Nc3 d5 4. cxd5 Nxd5 5. e4 Nxc3 6. bxc3 Bg7 7. Bg5 c5 8. Rc1 0-0 9. Nf3 Bg4 10. d5 Qd6 11. Be2 Bxf3 12. Bxf3 b5 13. 0-0 Nd7 14. Qd2 c4 15. Be3 Rfd8 16. g3 a5 17. Be2 Nc5 18. Qc2 Na4 19. Bxc4 Nxc3 20. Be2 Qa3 21. Bf3 Nxa2 22. Rcd1 Rac8 23. Qd2 Nc3 24. Rc1 b4 0-1

[Event "AUS-ch"]
[Site "Sydney"]
[Date "2020.01.09"]
[Round "7"]
[White "O'Chee, Kevin"]
[Black "Kethro, Michael"]
[Result "1/2-1/2"]
[WhiteElo "2156"]
[BlackElo "2093"]
[PlyCount "85"]
[EventDate "2020.01.02"]
[EventType "swiss"]
[EventRounds "11"]
[EventCountry "AUS"]
[SourceTitle "CBM 194 Extra"]
[Source "ChessBase"]
[SourceDate "2020.03.31"]
[SourceVersion "1"]
[SourceVersionDate "2020.03.31"]
[SourceQuality "1"]

1. d4 d5 2. c4 e6 3. Nc3 Be7 4. Bf4 Nf6 5. e3 0-0 6. Rc1 c5 7. dxc5 Bxc5 8. cxd5 exd5 9. Nf3 Nc6 10. Nxd5 Nxd5 11. Rxc5 Nxf4 12. Qxd8 Rxd8 13. exf4 Re8+ 14. Be2 Bg4 15. Kf1 Rad8 16. a3 Nd4 17. Bd1 Ne6 18. Rc1 Nxf4 19. h3 Bf5 20. Kg1 Nd3 21. Rc7 Rc8 22. Rxc8 Rxc8 23. Nd4 Rc1 24. Nxf5 Rxd1+ 25. Kh2 Rxh1+ 26. Kxh1 Nxb2 27. Nd6 b6 28. Kg1 Kf8 29. Kf1 Ke7 30. Nc8+ Kd7 31. Nxa7 Nc4 32. Nb5 Kc6 33. a4 Kc5 34. Ke2 Nb2 35. Nc3 Kc4 36. Kd2 Kb3 37. Ne4 Nxa4 38. Ng5 b5 39. Nxf7 b4 40. Nd6 Nb6 41. Ne4 Nd5 42. g3 Kc4 43. Kc2 1/2-1/2

[Event "AUS-ch"]
[Site "Sydney"]
[Date "2020.01.06"]
[Round "5"]
[White "Zhang, Jilin"]
[Black "Kethro, Michael"]
[Result "1/2-1/2"]
[WhiteElo "2237"]
[BlackElo "2093"]
[PlyCount "53"]
[EventDate "2020.01.02"]
[EventType "swiss"]
[EventRounds "11"]
[EventCountry "AUS"]
[SourceTitle "CBM 194 Extra"]
[Source "ChessBase"]
[SourceDate "2020.03.31"]
[SourceVersion "1"]
[SourceVersionDate "2020.03.31"]
[SourceQuality "1"]

1. e4 c5 2. Nf3 e6 3. d4 cxd4 4. Nxd4 Nc6 5. Nc3 Qc7 6. Be3 a6 7. a3 b5 8. Nxc6 Qxc6 9. Qd4 Bb7 10. Be2 Rc8 11. 0-0-0 Nf6 12. Bf3 Bxa3 13. e5 Nd5 14. Bxd5 exd5 15. Rd3 b4 16. bxa3 bxc3 17. Qb4 a5 18. Qd6 Qxd6 19. exd6 0-0 20. Bd4 f6 21. Re1 Rfe8 22. Re7 Rxe7 23. dxe7 Kf7 24. Re3 d6 25. g3 Re8 26. Bxc3 a4 27. Bb4 1/2-1/2

[Event "Adelaide Lidums"]
[Site "Adelaide"]
[Date "2019.12.08"]
[Round "3"]
[White "Kethro, Michael"]
[Black "Maung, Maung Kyaw Zaw"]
[Result "1-0"]
[WhiteElo "2075"]
[BlackElo "2274"]
[PlyCount "103"]
[EventDate "2019.12.07"]
[EventType "tourn"]
[EventRounds "9"]
[EventCountry "AUS"]
[EventCategory "1"]
[SourceTitle "CBM 193 Extra"]
[Source "ChessBase"]
[SourceDate "2020.01.31"]
[SourceVersion "1"]
[SourceVersionDate "2020.01.31"]
[SourceQuality "1"]

1. d4 d5 2. c4 c6 3. cxd5 cxd5 4. Bf4 Nf6 5. e3 Nc6 6. Bd3 Bg4 7. f3 Bh5 8. Qb3 Qd7 9. Nc3 e6 10. Rc1 Be7 11. Nge2 0-0 12. Bb5 Rac8 13. Na4 Bg6 14. 0-0 Nh5 15. Nc5 Bxc5 16. Rxc5 f6 17. Rfc1 Nxf4 18. Nxf4 Be8 19. Bxc6 bxc6 20. Nd3 Rf7 21. Qc3 Qd6 22. b4 Rb8 23. a3 g5 24. Rf1 Re7 25. e4 e5 26. dxe5 fxe5 27. exd5 cxd5 28. Re1 e4 29. fxe4 dxe4 30. Rxg5+ Bg6 31. Ne5 Qf6 32. Qg3 Rb5 33. Nxg6 Rxg5 34. Nxe7+ Qxe7 35. Qf4 Re5 36. Qg4+ Kh8 37. Rc1 Rg5 38. Qc8+ Rg8 39. Qc3+ Qg7 40. Qxg7+ Kxg7 41. Rc4 Re8 42. Kf2 Kf6 43. Ke3 Kf5 44. g4+ Kxg4 45. Rxe4+ Rxe4+ 46. Kxe4 h5 47. b5 h4 48. a4 Kh3 49. a5 Kxh2 50. b6 axb6 51. a6 h3 52. a7 1-0

[Event "Gold Coast op"]
[Site "Gold Coast"]
[Date "2019.07.01"]
[Round "9"]
[White "Silva, KWCU1111"]
[Black "Kethro, Michael"]
[Result "0-1"]
[WhiteElo "1873"]
[BlackElo "2084"]
[PlyCount "60"]
[EventDate "2019.06.27"]
[EventType "swiss"]
[EventRounds "9"]
[EventCountry "AUS"]
[SourceTitle "CBM 191 Extra"]
[Source "ChessBase"]
[SourceDate "2019.09.30"]
[SourceVersion "1"]
[SourceVersionDate "2019.09.30"]
[SourceQuality "1"]

1. e4 c5 2. Nf3 e6 3. c3 d5 4. e5 Nc6 5. d4 Qb6 6. Bd3 cxd4 7. cxd4 Bd7 8. 0-0 Nxd4 9. Nxd4 Qxd4 10. Nc3 a6 11. Qe2 Ne7 12. Kh1 Nc6 13. f4 Qa7 14. Rd1 Bc5 15. Qg4 g6 16. Bd2 h5 17. Qh3 0-0-0 18. Rac1 Kb8 19. a3 Nd4 20. b4 Bb6 21. Rb1 Nf5 22. a4 Nh6 23. a5 Ng4 24. Be1 Bf2 25. Rd2 Bxe1 26. Rxe1 Nf2+ 27. Rxf2 Qxf2 28. Rf1 Qb2 29. Ne2 Qxb4 30. Rb1 Qxa5 0-1

[Event "Doeberl Cup 57th"]
[Site "Canberra"]
[Date "2019.04.18"]
[Round "1"]
[White "Melkumyan, Hrant"]
[Black "Kethro, Michael"]
[Result "1-0"]
[WhiteElo "2658"]
[BlackElo "2096"]
[PlyCount "49"]
[EventDate "2019.04.18"]
[EventType "swiss"]
[EventRounds "9"]
[EventCountry "AUS"]
[SourceTitle "CBM 189 Extra"]
[Source "ChessBase"]
[SourceDate "2019.06.03"]
[SourceVersion "1"]
[SourceVersionDate "2019.06.03"]
[SourceQuality "1"]

1. e4 c5 2. Nf3 e6 3. d4 cxd4 4. Nxd4 Nc6 5. Nc3 Qc7 6. Be3 a6 7. Qf3 Ne5 8. Qg3 b5 9. 0-0-0 Nf6 10. f4 Neg4 11. Bd2 b4 12. Na4 h5 13. Bd3 d5 14. e5 Ne4 15. Bxe4 dxe4 16. b3 Bd7 17. Nb2 g6 18. h3 Nh6 19. Qe1 a5 20. Qxe4 Rc8 21. g4 Bc5 22. Nc4 a4 23. Nd6+ Bxd6 24. exd6 Qa5 25. Qe5 1-0

[Event "AUS-ch"]
[Site "Cammeray"]
[Date "2018.01.03"]
[Round "3"]
[White "Kethro, Michael"]
[Black "Hardegen, Andrew"]
[Result "1/2-1/2"]
[WhiteElo "2195"]
[BlackElo "1999"]
[PlyCount "50"]
[EventDate "2018.01.02"]
[EventType "swiss"]
[EventRounds "11"]
[EventCountry "AUS"]
[SourceTitle "CBM 182 Extra"]
[Source "ChessBase"]
[SourceDate "2018.02.23"]
[SourceVersion "1"]
[SourceVersionDate "2018.02.23"]
[SourceQuality "1"]

1. d4 d5 2. c4 c6 3. Nf3 Nf6 4. Nc3 a6 5. e3 b5 6. b3 Bg4 7. Be2 e6 8. 0-0 Nbd7 9. h3 Bh5 10. Bb2 Qb8 11. cxd5 cxd5 12. Ne5 Bxe2 13. Nxe2 Bd6 14. Nxd7 Nxd7 15. Nc1 0-0 16. Nd3 Ra7 17. Rc1 Rc8 18. Qd2 Rxc1 19. Rxc1 Rc7 20. Rxc7 Qxc7 21. Qc3 Qxc3 22. Bxc3 f6 23. Kf1 Kf7 24. Ke2 Nb8 25. f3 Nc6 1/2-1/2

[Event "AUS-ch"]
[Site "Cammeray"]
[Date "2018.01.03"]
[Round "2"]
[White "Wright, Neil"]
[Black "Kethro, Michael"]
[Result "1-0"]
[WhiteElo "2126"]
[BlackElo "2195"]
[PlyCount "83"]
[EventDate "2018.01.02"]
[EventType "swiss"]
[EventRounds "11"]
[EventCountry "AUS"]
[SourceTitle "CBM 182 Extra"]
[Source "ChessBase"]
[SourceDate "2018.02.23"]
[SourceVersion "1"]
[SourceVersionDate "2018.02.23"]
[SourceQuality "1"]

1. e4 c5 2. d4 cxd4 3. c3 Nf6 4. e5 Nd5 5. Nf3 Nc6 6. Bc4 e6 7. 0-0 Be7 8. Nxd4 Nb6 9. Nxc6 bxc6 10. Bd3 d5 11. Qg4 g6 12. Bh6 Qc7 13. Re1 Bb7 14. Qf4 Bf8 15. Bg5 Nd7 16. Nd2 Bg7 17. Nf3 h6 18. Bh4 g5 19. Nxg5 hxg5 20. Qxg5 Rxh4 21. Qxh4 Bxe5 22. f4 Bf6 23. Qh7 Qxf4 24. Re2 0-0-0 25. Rf1 Qh4 26. Qxf7 Be5 27. Rxe5 Nxe5 28. Qxe6+ Nd7 29. Rf7 Kb8 30. Rxd7 Rxd7 31. Qxd7 Qe1+ 32. Bf1 Qe3+ 33. Kh1 Qf4 34. Qe8+ Kc7 35. Qe7+ Kb8 36. Qe2 Bc8 37. Kg1 Bg4 38. Qd3 Kb7 39. Qa6+ Kc7 40. Qxa7+ Kc8 41. Qd4 Qg5 42. a4 1-0

[Event "AUS-ch"]
[Site "Cammeray"]
[Date "2018.01.02"]
[Round "1"]
[White "Kethro, Michael"]
[Black "Smirnov, Anton"]
[Result "0-1"]
[WhiteElo "2195"]
[BlackElo "2527"]
[PlyCount "76"]
[EventDate "2018.01.02"]
[EventType "swiss"]
[EventRounds "11"]
[EventCountry "AUS"]
[SourceTitle "CBM 182 Extra"]
[Source "ChessBase"]
[SourceDate "2018.02.23"]
[SourceVersion "1"]
[SourceVersionDate "2018.02.23"]
[SourceQuality "1"]

1. Nf3 d5 2. c4 e6 3. d4 Nf6 4. g3 Bb4+ 5. Bd2 Be7 6. Bg2 0-0 7. 0-0 Nbd7 8. Qc2 Ne4 9. Nc3 Nxd2 10. Nxd2 c6 11. e4 dxc4 12. Nxc4 Nb6 13. Nxb6 Qxb6 14. Rfd1 e5 15. dxe5 Bg4 16. Re1 Qc5 17. h3 Bd7 18. Kh2 Qxe5 19. f4 Qh5 20. Qe2 Qxe2 21. Rxe2 Rad8 22. Rd1 Be6 23. Red2 Rxd2 24. Rxd2 Rd8 25. Rxd8+ Bxd8 26. b3 f6 27. Bf1 Kf8 28. Kg2 Ke7 29. Kf3 Kd6 30. Ke3 Kc5 31. Kd3 b5 32. Nd1 a5 33. Kc3 b4+ 34. Kd3 a4 35. Kc2 Kd4 36. Bg2 a3 37. h4 c5 38. Bf3 c4 0-1

[Event "Oceania zt 3.6"]
[Site "Auckland"]
[Date "2017.01.20"]
[Round "9"]
[White "Kethro, Michael"]
[Black "Smith, Robert Wayne"]
[Result "1/2-1/2"]
[WhiteElo "2091"]
[BlackElo "2238"]
[PlyCount "88"]
[EventDate "2017.01.14"]
[EventType "swiss"]
[EventRounds "9"]
[EventCountry "NZL"]
[SourceTitle "CBM 176 Extra"]
[Source "ChessBase"]
[SourceDate "2017.03.02"]
[SourceVersion "1"]
[SourceVersionDate "2017.03.02"]
[SourceQuality "1"]

1. d4 Nf6 2. c4 e6 3. g3 Bb4+ 4. Bd2 Qe7 5. Bg2 0-0 6. Nf3 Nc6 7. 0-0 Bxd2 8. Qxd2 a5 9. Nc3 d6 10. e4 e5 11. d5 Nb8 12. Qc2 Na6 13. Nd2 Nc5 14. b3 c6 15. a3 cxd5 16. cxd5 Bd7 17. b4 Na6 18. Qb3 Rfc8 19. Rfc1 axb4 20. axb4 Nc7 21. Bf1 h5 22. Na4 Bxa4 23. Rxa4 Qd7 24. b5 Nce8 25. Rxc8 Qxc8 26. Rxa8 Qxa8 27. b6 Qa5 28. Qb2 Kf8 29. Bh3 Ng4 30. Bxg4 hxg4 31. Kg2 Nf6 32. Nc4 Qc5 33. Qe2 Ke7 34. Ne3 g6 35. Nxg4 Nxg4 36. Qxg4 Qxb6 37. Qh4+ Ke8 38. Qh8+ Ke7 39. Qh4+ Ke8 40. Qh8+ Ke7 41. Qh4+ Ke8 42. Qh8+ Ke7 43. Qh4+ Ke8 44. Qh8+ Ke7 1/2-1/2

[Event "Australian op"]
[Site "Brisbane"]
[Date "2017.01.12"]
[Round "11"]
[White "Borsos, Bogdan"]
[Black "Kethro, Michael"]
[Result "1-0"]
[WhiteElo "2304"]
[BlackElo "2091"]
[PlyCount "75"]
[EventDate "2017.01.02"]
[EventType "swiss"]
[EventRounds "11"]
[EventCountry "AUS"]
[SourceTitle "CBM 176 Extra"]
[Source "ChessBase"]
[SourceDate "2017.03.02"]
[SourceVersion "1"]
[SourceVersionDate "2017.03.02"]
[SourceQuality "1"]

1. g3 d5 2. c4 e6 3. Bg2 Nf6 4. b3 Be7 5. Nf3 0-0 6. Bb2 Nbd7 7. 0-0 b6 8. cxd5 exd5 9. Nd4 Bb7 10. Nf5 Re8 11. Nxe7+ Qxe7 12. Nc3 c6 13. Re1 Ne4 14. Qc2 c5 15. e3 a6 16. d3 Nef6 17. Rac1 Rac8 18. Qb1 Qd6 19. Ne2 Qb8 20. d4 Ne4 21. dxc5 bxc5 22. Red1 Ne5 23. Nf4 Qa8 24. Bxe4 dxe4 25. Bxe5 Rxe5 26. Rd6 Rd8 27. Qb2 f6 28. Qd2 Rxd6 29. Qxd6 Qc8 30. Qb6 h5 31. Ng6 Re6 32. Qxc5 Qxc5 33. Rxc5 Kf7 34. Nf4 Re7 35. Nxh5 g5 36. g4 Rd7 37. Kg2 Kg6 38. h3 1-0

[Event "ACT-ch"]
[Site "Canberra"]
[Date "2014.03.22"]
[Round "3"]
[White "Hathiramani, Dillon"]
[Black "Kethro, Michael"]
[Result "1-0"]
[WhiteElo "1459"]
[BlackElo "1831"]
[PlyCount "125"]
[EventDate "2014.03.21"]
[EventType "swiss"]
[EventRounds "9"]
[EventCountry "AUS"]
[SourceTitle "CBM 159 Extra"]
[Source "ChessBase"]
[SourceDate "2014.04.24"]
[SourceVersion "1"]
[SourceVersionDate "2014.04.24"]
[SourceQuality "1"]

1. d4 c5 2. d5 Nf6 3. Nc3 e6 4. e4 d6 5. Nf3 g6 6. Bg5 Bg7 7. Be2 0-0 8. 0-0 h6 9. Bh4 e5 10. Nd2 g5 11. Bg3 Ne8 12. Bg4 f5 13. Bxf5 Bxf5 14. exf5 Rxf5 15. Nce4 Nf6 16. Nxf6+ Qxf6 17. Ne4 Qg6 18. Qe2 Nd7 19. c4 Raf8 20. a3 h5 21. h3 g4 22. h4 Bh6 23. Rae1 Bf4 24. Qd3 Kg7 25. b3 Bxg3 26. Nxg3 R5f6 27. Qxg6+ Rxg6 28. Nxh5+ Kh7 29. Ng3 Rh6 30. Ne4 Rxh4 31. Nxd6 Kg6 32. Ne4 Rfh8 33. Ng3 a6 34. a4 b5 35. axb5 axb5 36. Ra1 bxc4 37. bxc4 Nf6 38. Rfe1 Nh5 39. Ra6+ Kf7 40. Rb1 Nf6 41. Rb7+ Kg6 42. Rbb6 Rf8 43. Ne4 Kf5 44. Nxf6 Rfh8 45. Kf1 Rh1+ 46. Ke2 R8h2 47. Nd7 Rxg2 48. Rf6+ Ke4 49. d6 Rgg1 50. Nxc5+ Kd4 51. d7 Kc3 52. Ne4+ Kc2 53. Ra2+ Kb3 54. d8Q Re1+ 55. Kd3 Rd1+ 56. Rd2 Rh3+ 57. Ng3 e4+ 58. Kxe4 Re1+ 59. Kf4 Re4+ 60. Kxe4 Rxg3 61. Qb6+ Kc3 62. Qb2+ Kxc4 63. Rc6# 1-0